000 00473cam a22001571 4500
082 _a674.1
_bTIM
_cL-24, P-6
100 1 _aHansen, Howard James.
_943363
245 1 0 _aTimber engineers' handbook.
260 _aNew York,
_bJ. Wiley
_c[c1948]
300 _aix, 882 p.
_billus.
_c22 cm.
526 _a0
_b0
_c0
_d674_100000000000000_TIM
650 0 _aBuilding, Wooden.
_925296
650 0 _aBuildings
_xTables.
_945077
650 0 _aStrains and stresses.
_928238
942 _2ddc
_cBK
999 _c548677
_d548677